Introducing property valuation (Record no. 112587)

MARC details
000 -LEADER
fixed length control field 00623cam a22002055a 4500
001 - CONTROL NUMBER
control field L153546
008 - FIXED-LENGTH DATA ELEMENTS--GENERAL INFORMATION
fixed length control field 110804s2009 xxk f 000 0 eng d
020 ## - INTERNATIONAL STANDARD BOOK NUMBER
International Standard Book Number 9780415434775
035 ## - SYSTEM CONTROL NUMBER
System control number (Sirsi) u153546
041 0# - LANGUAGE CODE
Language code of text/sound track or separate title eng
050 04 - LIBRARY OF CONGRESS CALL NUMBER
Classification number 333.3321
100 1# - MAIN ENTRY--PERSONAL NAME
Personal name Blackledge, Michael
245 00 - TITLE STATEMENT
Title Introducing property valuation
260 ## - PUBLICATION, DISTRIBUTION, ETC.
Place of publication, distribution, etc. Abingdon
Name of publisher, distributor, etc. Routledge
Date of publication, distribution, etc. 2009
520 ## - SUMMARY, ETC.
Summary, etc. Introduces the concepts and methods of valuing real estate from basic principles to a more sophisticated understanding.
651 #4 - SUBJECT ADDED ENTRY--GEOGRAPHIC NAME
Geographic name ENGLAND AND WALES
690 ## - LOCAL SUBJECT ADDED ENTRY--TOPICAL TERM (OCLC, RLIN)
Topical term or geographic name as entry element PROPERTY-PROPERTY APPRAISAL AND VALUATION
942 ## - ADDED ENTRY ELEMENTS (KOHA)
Suppress in OPAC 0
Holdings
Withdrawn status Lost status Source of classification or shelving scheme Damaged status Not for loan Home library Current library Shelving location Date acquired Total Checkouts Full call number Barcode Date last seen Copy number Price effective from Koha item type
    Dewey Decimal Classification     London London Books 10/08/2011   333.33 BAU 30075777 06/08/2019 1 06/08/2019 Book